| 000 | 00670nam a22001337a 4500 | ||
|---|---|---|---|
| 040 | _cRUA | ||
| 082 | _aVEM CHH 2015 B533 Or.1 | ||
| 100 | _aCHHAY CHANBORITH; ឆាយ ចាន់បូរិទ្ធ | ||
| 245 | _aStudy on prevalence of influenza in smallholders pig in kandal and kampong speu province; សិក្សាពីកម្រិតរាលដាលជំងឺផ្ដាសាយលើជ្រូករបស់កសិករក្នុងខេត្តកណ្ដាល និងខេត្តកំពង់ស្ពឺ | ||
| 260 |
_aPHNOM PENH _bCHH _c2015 |
||
| 300 |
_aviii;33p. _bill. _c29cm. |
||
| 856 | _uCHHAY CHANBORITH | ||
| 942 | _cVEM | ||
| 999 |
_c10909 _d10909 |
||